MDQL
is popping MORE tags! Check the
thread
!
Quizzes
Events
Quiz Creation
Community
Videos
Private Events
Remove Ads
Sign In
Join for FREE
Feedback
Dark Mode
Quiz Categories
Sports
Geography
Music
Movies
Television
Just For Fun
Miscellaneous
History
Literature
Language
Science
Gaming
Entertainment
Religion
Holiday
For Kids
Quiz Lab
Recent
Popular Today
Quiz Kudos Today
Editor Picks
Curator Picks
Quizzes by...
Day
Popularity
Type
Ratings
Length
Year
Community
Subscriptions
Recent Discussions
Orange Saloon
Badges
Playlists
Quests
Create
Leaderboards
Showdown
Live 5
Trivia Bingo
Activity
Puzzle Library
Sporcle Events
Private Events
Virtual Trivia
Globe League
Become a Host
Pub Owners
SporcleCon
Opinionation
Our Games
Videos
Blog
Mobile Apps
Partnerships
Remove Ads and Go Orange
Feedback
Miscellaneous
Crossword
General Knowledge
Baby Names
Logo
Food
Cars
Numbers
Grab Bag
University
College
Popular
Company
Slogans
Restaurants
Justice
Letter
Miscellaneous
Crossword
General Knowledge
Baby Names
Logo
Food
Cars
Numbers
Grab Bag
University
College
Popular
Company
Slogans
Restaurants
Justice
Letter
Random Quiz
Search Sporcle
×
Quiz Lab
Quiz Lab
Miscellaneous
Blitz
Type in answers that appear in a list
Type in answers that appear in a list
Classic
Best Score? Go Orange.
General Knowledge blitz VIII Stats
Can you name the General Knowledge blitz VIII?
By
andrewfleming
3m
15 Questions
63 Plays
63 Plays
63 Plays
Comments
Comments
Give Quiz Kudos
Give Quiz Kudos
-
- Ratings
hide this ad
Replay
Link that replays current quiz
Next Quiz
Link to next quiz in quiz playlist
You Got
0%
They Got
Avg Score
53%
Avg Friend Score
Upgrade to see
Score Distribution
Jump to the score distribution portion of the page
Score
0/15
Timer
03:00
0
Plays Today
Hint
Answer
% Correct
What country's secret service is known as the Mossad?
Israel
82.3%
How many characters received golden tickets in Charlie and the chocolate factory?
5
79%
What type of animal is Old Major in George Orwell's Animal Farm?
pig
75.8%
What do the letters stand for in the band ELO?
Electric Light Orchestra
72.6%
What TV series is mainly set on the fictional continent of Westeros?
Game of Thrones
72.6%
What is the collective noun for crows?
murder
64.5%
In what constituent country of the UK is Ben Nevis located?
Scotland
56.5%
Katrina and the waves are the most recent winners of Eurovision for what country?
UK
53.2%
Hint
Answer
% Correct
By what name was the Russian city of Volgorad previously known?
Stalingrad
50%
What Jewish festival is celebrated with the eating of the cedar meal?
Passover
46.8%
Who plays Del Griffith in the film Planes, Trains and Automobiles?
John Candy
40.3%
In what country is the Prime minister known as the Taoiseach?
Ireland
40.3%
In what year did the Battle of Waterloo take place?
1815
32.3%
What novel features Ms Fairfax and Lord Rochester?
Jane Eyre
27.4%
The skeleton coast is located on the coast of which African country?
Namibia
12.9%
Quiz Playlist
Details
Report
Send in Message
Add To Playlist
Classic:
Type in answers that appear in a list
Last Updated: Aug 23, 2017
Quiz Scoreboard
CHALLENGE
Sign Up to Join the Scoreboard
Show All
Scores
Hide
Comments
May contain spoilers
Recently Published
Image Sorting: Flags VI
by Barbecue
Geography
2m
Find the 'City' Movie
by crazypaving
Movies
60s
Colored Red Africa Blitz
by spor1
Geography
45s
More to Explore
Quiz From the Vault
Featured Blog Post
14 Easter Pick-up Lines to Find Eggs With
hide this ad
You Might Also Like...
Tags
Blitz Quiz
General Knowledge Quiz
VIII
Today's Top Quizzes in Miscellaneous
Browse Miscellaneous
hide this ad
Today's Top Quizzes in Blitz
Browse Blitz
Top Contributed Quizzes in Miscellaneous
1
The JOE quick-fire general knowledge quiz: Day 174
2
5-to-1: Fast Food
3
9x9 Crossword: Disney Movie Titles
4
9x9 Crossword: Charlie and the Chocolate Factory
5
The JOE quick-fire general knowledge quiz: Day 173
6
9x9 Crossword: Actors
7
9x9 Crossword: 2022 Movies
8
9x9 Crossword: The Simpsons
9
9x9 Crossword: Flags
10
9x9 Crossword: Pixar Movie Titles
Explore More
Trending Topics
Anime
Kpop
Harry Potter
Crossword
Marvel
NBA
Disney
NFL
Song
Country
Pokémon
Puzzle
The Office
WWE
Soccer
hide this ad
More By:
andrewfleming
Quiz
Plays
Rating
Category
Featured
Created
15 to 1 (Geography)
930
1.33
Geography
Mar 12, 2017
Game of thrones character list
561
2.17
Television
Jun 27, 2017
Game of Thrones every character
402
1.83
Television
Jun 23, 2017
12 Angry Men (Not guilty to guilty)
329
Movies
Mar 15, 2017
Countries that no longer exist
279
4.86
Geography
Apr 12, 2017
Go to Creator's Profile
Score Distribution
Quiz Creator Spotlight
andrewfleming
Follow
Send a Message
Quizzes Created
-
Created Quiz Play Count
-
More By This Creator
Popular Quizzes Today
1
Colored Red Africa Blitz
2
Find the US States - No Outlines Minefield
3
Find the 'City' Movie
4
5x2 Blitz: Bands
5
The Countries of the World
6
Find the US States
7
Find the Countries of Europe - No Outlines Minefield
8
US States
More Miscellaneous Quizzes
Sunday Crossword: Salad!
Quiz Lab
Trending Quizzes
Colored Red Europe Blitz I
Colored Red Europe Blitz II
Colored Red Africa Blitz II
Colored Red Europe Blitz III
Colored Red Africa Blitz III
Recently Updated
How Do You Spell That?
pecheneg
Godzilla Movies
pecheneg
Grab Bag: 4-10 Letters
pecheneg
2024 March Madness Bracket
pecheneg
Famous TV Couples
Peacemaker
Champions League XIs: Real Madrid
pecheneg
Largest US Cities 1790-2010
pecheneg
Rides in Walt Disney World
pecheneg
Most Oscar Losses (Acting)
pecheneg
Beyoncé Albums
pecheneg
Trending Topics
Crossword
NBA
Harry Potter
Anime
Disney
Kpop
Marvel
Puzzle
WWE
NFL
Pokémon
Song
Soccer
The Office
Country
Your Account Isn't Verified!
In order to create a playlist on Sporcle, you need to verify the email address you used during registration. Go to your
Sporcle Settings
to finish the process.
Report this User
Report this user for behavior that violates our
Community Guidelines
.
Details:
Send Report
Go to the Sporcle.com Mobile Site →
Comments